000 00199nam a2200085Ia 4500
008 120527s9999 xx 000 0 und d
100 _aLerner, W. Janet
245 _aLearning disabilities.
942 _cBK
999 _c27534
_d27534